Цвета По Русски Язык - Statistics

General Stats
  • This quiz has been taken 254 times
  • The average score is 11 of 15
Answers on the Map
Answers color-coded by a green-red scale on the quiz's map according to % correct below.
 
Answer Stats
Answer % Correct
Белый
88%
Красный
86%
Зеленый
85%
Оранжевый
84%
Желтый
84%
Коричневый
83%
Серый
81%
Синий
78%
Черный
78%
Бордовый
74%
Розовый
66%
Темно Бирюзовый
66%
Фиолетовый
64%
Циан
54%
Пурпурный
47%
No matching quizzes found
Score Distribution
Percent of People with Each Score
Percentile by Number Answered
Your Score History
You have not taken this quiz